| 000 | 00540nam a2200217Ia 4500 | ||
|---|---|---|---|
| 008 | 171120s9999 xx 000 0 und d | ||
| 020 | _a849942268 | ||
| 050 | _a231 | ||
| 050 | _bB636 2000 | ||
| 100 | _aBlake, Chris | ||
| 245 | _aSearching for a God to love : | ||
| 245 | _bthe one you always wanted is really there / | ||
| 245 | _cby Chris Blake. | ||
| 260 | _bWord Publishing, | ||
| 260 | _c2000 | ||
| 300 | _a234 pages : | ||
| 300 | _billustrations ; | ||
| 300 | _c23cm. | ||
| 650 | _aChristian life. | ||
| 700 | _aTitle. | ||
| 999 |
_c345440 _d345440 |
||